|
|
|
|
| LEADER |
01781cas a2200241 a 4500 |
| 001 |
AALejournalIMF007322 |
| 008 |
230101c9999 xx r poo 0 0eng d |
| 020 |
|
|
|c 5.00 USD
|
| 020 |
|
|
|z 9781462307265
|
| 022 |
|
|
|a 1018-5941
|
| 040 |
|
|
|a BD-DhAAL
|c BD-DhAAL
|
| 100 |
1 |
|
|a Pozsar, Zoltan.
|
| 245 |
1 |
0 |
|a Institutional Cash Pools and the Triffin Dilemma of the U.S. Banking System /
|c Zoltan Pozsar.
|
| 264 |
|
1 |
|a Washington, D.C. :
|b International Monetary Fund,
|c 2011.
|
| 300 |
|
|
|a 1 online resource (35 pages)
|
| 490 |
1 |
|
|a IMF Working Papers
|
| 500 |
|
|
|a <strong>Off-Campus Access:</strong> No User ID or Password Required
|
| 500 |
|
|
|a <strong>On-Campus Access:</strong> No User ID or Password Required
|
| 506 |
|
|
|a Electronic access restricted to authorized BRAC University faculty, staff and students
|
| 520 |
3 |
|
|a Through the profiling of institutional cash pools, this paper explains the rise of the "shadow" banking system from a demand-side perspective. Explaining the rise of shadow banking from this angle paints a very different picture than the supply-side angle that views it as a story of banks' funding preferences and arbitrage. Institutional cash pools prefer to avoid too much unsecured exposure to banks even through insured deposits. Short-term government guaranteed securities are the next best choice, but their supply is insufficient. The shadow banking system arose to fill this vacuum. One way to manage the size of the shadow banking system is by adopting the supply management of Treasury bills as a macroprudential tool.
|
| 538 |
|
|
|a Mode of access: Internet
|
| 830 |
|
0 |
|a IMF Working Papers; Working Paper ;
|v No. 2011/190
|
| 856 |
4 |
0 |
|z Full text available on IMF
|u http://elibrary.imf.org/view/journals/001/2011/190/001.2011.issue-190-en.xml
|z IMF e-Library
|